|
|
|
|
| LEADER |
00000cam a2200000 7i4500 |
| 001 |
0000002101 |
| 005 |
20220105103933.0 |
| 020 |
|
|
|a 983135124X
|
| 090 |
0 |
0 |
|a JP
|b SC ENG (2341)
|
| 100 |
1 |
|
|a Baker, Rann
|
| 245 |
1 |
0 |
|a Understanding animal life
|c Rann Baker
|
| 260 |
|
|
|a Petaling Jaya :
|b Pustaka Tintamas ,
|c 2004
|
| 440 |
|
|
|a Tell me about science vol.2
|
| 500 |
|
|
|a Children age 4-6 years old (yellow)
|
| 650 |
|
0 |
|a Science fiction
|
| 999 |
|
|
|a 0000013461
|b Book
|c Children Collection
|e Cawangan Taman Universiti
|
| 999 |
|
|
|a 0000013462
|b Book
|c Children Collection
|e Cawangan Taman Universiti
|
| 999 |
|
|
|a 0000013463
|b Book
|c Children Collection
|e Cawangan Taman Universiti
|
| 999 |
|
|
|a 0000928087
|b Book
|c Children Collection
|e Cawangan Tangkak
|
| 999 |
|
|
|a 0000928088
|b Book
|c Children Collection
|e Cawangan Tangkak
|
| 999 |
|
|
|a 0000965405
|b Book
|c Children Collection
|e Perbadanan Perpustakaan Awam Johor
|
| 999 |
|
|
|a 0000965406
|b Book
|c Children Collection
|e Perbadanan Perpustakaan Awam Johor
|
| 999 |
|
|
|a 0000965407
|b Book
|c Children Collection
|e Cawangan Mersing
|
| 999 |
|
|
|a 0000965408
|b Book
|c Children Collection
|e Perbadanan Perpustakaan Awam Johor
|
| 999 |
|
|
|a 0000965409
|b Book
|c Children Collection
|e Cawangan Tangkak
|